000 00197nam a2200085Ia 4500
008 250605s9999 xx 000 0 und d
041 _aeng
100 _aAmar Nath Pandey
245 _aKotak Mahindra Bank
999 _c44322
_d44322